Statistiques concernant Culture Générale - Série 1355

Cliquez ici pour prendre le quiz!

Statistiques générales

  • Ce quiz a été pris 125 fois
  • Le résultat moyen est 5 sur 10

Statistiques - réponses

QuestionRéponse% Correct
Quel instrument de musique a fait la renommée du compositeur Franz Liszt ?piano
86%
Dans quel sport Ilie Nastase, John Newcombe et Mats Wilander ont-ils tous trois été numéro un mondial ?tennis
77%
Quelle ville est le chef-lieu du département du Finistère ?Quimper
71%
À la télévision, quel policier s'exclame à tout bout de champ : “Quand j'vais dire ça à ma femme !” ?Columbo
70%
Quel personnage de Charles Dickens s'enfuit de l'orphelinat et découvre la délinquance à Londres, au XIXe siècle ?Oliver Twist
58%
Quel métal, analogue à l'aluminium, a pour symbole chimique Ga ?gallium
50%
De quel pays est originaire le chanteur Chico Buarque ?Brésil
47%
Dans quel pays se situe l'hippodrome de Belmont ?États-Unis
23%
Quel film de Pedro Almodovar obtient le César du meilleur film étranger, en 1993 ?Talons Aiguilles
23%
Dans le dessin animé "Les Chevaliers du zodiaque", Seiya est le chevalier de la constellation de...Pégase
14%

Distribution des résultats

Percentile par nombre de réponses

% des personnes avec chaque résultat

Votre développement - résultats

Vous n’avez pas pris ce quiz